| 000 | 00361 a2200157 4500 | ||
|---|---|---|---|
| 001 | 175380 | ||
| 020 | _a84-7838-661-6 | ||
| 040 | _cMagnum | ||
| 100 | _aLopera, José Alvarez | ||
| 240 | 1 | 0 |
_aHistória geral da arte - pintura 2 _lpor |
| 245 | 1 | 0 | _aHistória geral da arte - pintura 2 |
| 300 | _a139 | ||
| 362 | 0 | _a1995 | |
| 697 | _aPINTURAS | ||
| 942 | _cBK | ||
| 999 |
_c175380 _d175380 |
||